| 000 -LEADER | |
|---|---|
| fixed length control field | 00384nam a22001577a 4500 |
| 005 - DATE AND TIME OF LATEST TRANSACTION | |
| control field | 20170925150241.0 |
| 008 - FIXED-LENGTH DATA ELEMENTS--GENERAL INFORMATION | |
| fixed length control field | 170925b xxu||||| |||| 00| 0 eng d |
| 020 ## - INTERNATIONAL STANDARD BOOK NUMBER | |
| ISBN | 978-81-203-3647-6 |
| 041 ## - LANGUAGE CODE | |
| Language code of text/sound track or separate title | eng |
| 082 ## - DEWEY DECIMAL CLASSIFICATION NUMBER | |
| Classification number | 621.31 |
| 100 ## - MAIN ENTRY--AUTHOR NAME | |
| Personal name | Deshpande,M.V |
| 245 ## - TITLE STATEMENT | |
| Title | Elements of Electrical Power Station Design |
| 260 ## - PUBLICATION, DISTRIBUTION, ETC. (IMPRINT) | |
| Place of publication | New Delhi |
| Name of publisher | PHI |
| Year of publication | 2010 |
| 300 ## - PHYSICAL DESCRIPTION | |
| Number of Pages | 438 |
| 942 ## - ADDED ENTRY ELEMENTS (KOHA) | |
| Koha item type | Books |
| Lost status | Damaged status | Home library | Current library | Shelving location | Date acquired | Source of acquisition | Cost, normal purchase price | Full call number | Accession Number | Koha item type |
|---|---|---|---|---|---|---|---|---|---|---|
| JRU Library | SHELF-39-E | 25/09/2017 | Purchase | 395.00 | 621.31 | 22103 | Books | |||
| JRU Library | SHELF-39-E | 25/09/2017 | Purchase | 395.00 | 621.31 | 22104 | Books | |||
| JRU Library | SHELF-39-E | 25/09/2017 | Purchase | 395.00 | 621.31 | 22105 | Books | |||
| JRU Library | SHELF-39-E | 25/09/2017 | Purchase | 395.00 | 621.31 | 22106 | Books | |||
| JRU Library | SHELF-39-E | 25/09/2017 | Purchase | 395.00 | 621.31 | 22107 | Books |